[Event "Gibraltar Masters 13th"]
[Site "Caleta"]
[Date "2015.02.05"]
[Round "10"]
[White "Cheparinov, Ivan"]
[Black "Adhiban, Baskaran"]
[Result "0-1"]
[WhiteElo "2681"]
[BlackElo "2630"]
[Annotator "Adhiban,B"]
[PlyCount "68"]
[EventDate "2015.01.27"]
[EventType "swiss"]
[EventRounds "10"]
[EventCountry "GGB"]
[SourceTitle "CBM 165"]
[Source "ChessBase"]
[SourceDate "2015.03.11"]
[SourceVersion "1"]
[SourceVersionDate "2015.03.11"]
[SourceQuality "1"]

1. d4 Nf6 2. c4 g6 3. Nf3 Bg7 4. g3 c6 {A solid system which has been favoured
by many top players.} 5. Bg2 d5 6. Nbd2 {A surprise but the position was not
unfamiliar to me.} O-O 7. O-O a5 $5 {A natural plan to gain some space on the
queenside.} 8. b3 a4 9. Ba3 $5 {The bishop looks more active here.} (9. Bb2 {
I thought this was the more natural continuation but the text move is also
interesting.}) 9... Ne4 10. e3 Bf5 11. Qc1 Re8 $5 {I wasn't sure whether the
knight belonged on d7 or a6 so as of now I decided to postpone the decision.} (
11... Nd7 12. Nh4 Nxd2 13. Qxd2 (13. Nxf5 {doesn't work due to} Nxf1 14. Nxe7+
Kh8 15. Qxf1 axb3 16. axb3 Rxa3) 13... Be6 14. cxd5 $1 Bxd5 15. Bxd5 cxd5 16.
Qb4 $14 {and White wins a pawn.}) 12. Nh4 Nxd2 13. Qxd2 Be6 14. Rfc1 Na6 {
I liked this plan more!} 15. Bb2 Nc7 16. Qb4 $5 {An funny move putting
pressure on the queenside.} Qd7 {Ignoring the threat.} (16... Ra7 17. Qb6 {
looked bit unpleasant.}) 17. Nf3 h6 $5 {An useful waiting move, It was a cat
and mouse game - both of us seemed to be lacking any decent plan.} 18. h4 $6 {
An unnecessary weakening and it will create problems for White.} (18. Ne5 Bxe5
19. dxe5 axb3 20. axb3 Rxa1 (20... Na6) 21. Rxa1 Na6 22. Qc3 dxc4 23. bxc4 Rd8
{Although comp prefers White, I feel only Black can try for a win here.}) 18...
Na6 {I didn't see any other way to improve the position.} 19. Qd2 Red8 {
I started to like my position here.} (19... axb3 20. axb3 dxc4 21. bxc4 Nc5 22.
Qd1 $1 {and White prevents all the knight invasions and has a strong centre.})
20. Bc3 Nc7 {The time had come to prepare the doubling of the rooks on the
a-file.} 21. Ba5 Ra6 22. Bf1 b6 (22... Rda8 23. Bxc7) (22... axb3 $5 23. axb3 (
23. cxd5 Bxd5 24. Bxa6 Nxa6 {[%cal Rd5h1,Rb3b2] White has to defend against
too many threats.} (24... Bxf3 25. Bf1)) 23... Rda8 {was my original intention
but runs into...} 24. cxd5 (24. Qe1 $1 {is safer with an equal game.}) 24...
Bxd5 25. Bxa6 Nxa6 26. Qd1 {(I stopped my analysis here) but now I see that}
Qh3 $1 {was crashing and I only found this plan later on.}) 23. Bc3 (23. cxd5 {
is bad in view of} Bxd5 24. Bxa6 Nxa6 {and White loses a piece.}) 23... Rda8 $1
{By now I had found the key to the exchange sacrifice (i.e. the Qh3 idea).} 24.
Qb2 (24. cxd5 Bxd5 25. Bxa6 Nxa6 26. Qd1 Qh3 $1 $17) 24... R6a7 {I decided to
retreat the rook so as not to leave the rook hanging.} ({Also possible was} 
24... Bh3 $5 25. Be2 R6a7) 25. Ne1 Bf5 $1 {Step by step, I was improving my
position while White's position was only getting worse.} 26. Nf3 ({One sample
line} 26. Nd3 Be4 27. Ne5 Bxe5 28. dxe5 axb3 29. axb3 Rxa1 30. Rxa1 Rxa1 31.
Qxa1 Qg4 $17) 26... Be4 27. Qe2 (27. Nd2 a3 {was an amusing line.}) 27... axb3
{I decided to reduce the material since the resulting position looked very
pleasant for me.} 28. axb3 Rxa1 29. Rxa1 Rxa1 30. Bxa1 dxc4 $1 31. bxc4 c5 {
I have managed to find the most pawn favourable system where I can exert the
maximum pressure on White's pawn structure.} 32. Nd2 (32. Bc3 Bxf3 33. Qxf3
cxd4 {just wins a pawn.}) 32... Bc2 $1 33. Nf3 $6 {An oversight.} (33. Bc3 {
I was trying to find something here, when he made the text move.} Qa4 $1 $15 {
with similar ideas to the game, Black prevents Nf3 and prepares ...Ne6 or ...
b5 depending on where the white queen goes.} (33... cxd4 34. Bxd4 Bxd4 35. exd4
Qxd4 36. Qxe7 $11)) 33... Qa4 $1 34. Bc3 $2 (34. dxc5 Bxa1 35. cxb6 Na6 36. Nd4
{Comp at first thought this was equal but given some time...} Be4 37. Qg4 Bb7
38. Bg2 h5 $1 {Forcing White to lose control of c8.} (38... e5 $2 39. Bxb7 exd4
40. Bd5 $16) 39. Qh3 {and only now} e5 $1 40. Bxb7 exd4 $17) 34... Bd1 {
A nice finale! I tied for the 3rd spot and eventually finished 8th on tiebreak.
} 0-1

[Event "PCA-Wch Candidates m2"]
[Site "New York"]
[Date "1994.??.??"]
[Round "3"]
[White "Romanishin, Oleg M"]
[Black "Anand, Viswanathan"]
[Result "0-1"]
[WhiteElo "2585"]
[BlackElo "2715"]
[Annotator "Anand,V"]
[PlyCount "79"]
[EventDate "1994.06.??"]
[EventType "match"]
[EventRounds "7"]
[EventCountry "USA"]
[SourceTitle "CBM 042"]
[Source "ChessBase"]
[SourceDate "1994.10.01"]
[SourceVersion "1"]
[SourceVersionDate "1994.10.01"]
[SourceQuality "1"]

1. d4 Nf6 2. Nf3 g6 3. c4 Bg7 4. g3 d5 5. Bg2 dxc4 6. O-O c6 7. Nc3 O-O 8. h3
$6 b5 $1 (8... Na6 $5) 9. Ne5 a6 $1 10. e4 (10. a4 b4 11. Ne4 $2 (11. Na2 a5
12. Nxc4 Be6 $132) 11... Nxe4 12. Bxe4 Bxh3) (10. Nxc6 Nxc6 11. Bxc6 Bxh3)
10... Bb7 11. Re1 $1 (11. Be3 Nbd7 12. Nxd7 Nxd7 13. e5 e6 14. Ne4 c5 15. Nf6+
Bxf6 16. Bxb7 Rb8 17. exf6 Rxb7) 11... Nbd7 12. Nxd7 Nxd7 (12... Qxd7 13. e5
Nd5 14. Ne4 $1 $44) 13. e5 $1 e6 14. Ne4 c5 $1 $15 (14... Rb8 15. Bg5 $1 $16) (
14... Qc7 15. Nd6 Rab8 16. Bg5 $1) 15. Nf6+ (15. Nxc5 Bxg2 16. Kxg2 Nxc5 17.
dxc5 Rc8 $17) 15... Bxf6 (15... Nxf6 $5 16. exf6 Bxf6 17. Bxb7 Ra7 18. Be4 cxd4
$44) 16. Bxb7 Ra7 17. Bg2 $2 (17. exf6 Rxb7 18. Bg5 $1 Rb6 $1 {/\ קf6.} (18...
Nb6 19. Qg4 $1 (19. dxc5 $2 Qxd1 20. Raxd1 Nd5 $17) 19... Qxd4 (19... cxd4 20.
Qh4 h5 (20... Nd5 21. Re4 $40) 21. g4 $40) 20. Re4 Qxb2 21. Rae1 $40) 19. Qg4 (
19. dxc5 Nxc5 20. Qg4 Nd3) 19... Rd6 20. dxc5 (20. Re4 $2 h6 $1 $19) 20... Nxc5
21. Qh4 h5 22. g4 Rd4 23. Be3 Nd3 $1 24. Bxd4 Qxd4 $44) 17... Bg7 $17 18. a4
Rc7 (18... cxd4 19. Qxd4 (19. axb5 Nxe5 20. bxa6 (20. Rxa6 Rxa6 21. bxa6 Qa5 $1
) 20... Qb6 $17) 19... Rc7) 19. axb5 axb5 20. Ra8 (20. Be3 cxd4 21. Bxd4 Nc5 $1
22. Bxc5 Rxc5 $17) 20... Rc8 21. Rxc8 Qxc8 22. Bf4 cxd4 23. Qxd4 Nc5 24. Qd6
Nd3 $19 25. Ra1 Qd8 26. Ra8 Qxd6 27. exd6 Nxf4 28. gxf4 Rxa8 (28... Bxb2 $19
29. Bc6 b4) 29. Bxa8 Kf8 $1 (29... Bxb2 30. Bc6 b4 31. Bb5 Kf8 32. Bxc4 Bc1 33.
f5 gxf5 34. Bb3 {/\ Ba4 קd7,Pb4}) 30. Bc6 b4 31. Bb5 c3 $1 32. bxc3 b3 33. Bd3
(33. c4 b2) 33... Bxc3 34. Kg2 f5 35. Kf3 Bb4 36. Bc4 b2 37. Ba2 Bxd6 38. Ke3
Kg7 39. Bb1 Kh6 40. Kf3 (40. Kf3 Kh5 $1 $19) 0-1

[Event "World op 26th"]
[Site "Philadelphia"]
[Date "1998.07.05"]
[Round "9"]
[White "Shabalov, Alexander"]
[Black "Atalik, Suat"]
[Result "0-1"]
[WhiteElo "2645"]
[BlackElo "2585"]
[Annotator "Atalik,S"]
[PlyCount "62"]
[EventDate "1998.06.27"]
[EventType "swiss"]
[EventRounds "9"]
[EventCountry "USA"]
[SourceTitle "CBM 067"]
[Source "ChessBase"]
[SourceDate "1998.11.30"]
[SourceVersion "2"]
[SourceVersionDate "1998.11.01"]
[SourceQuality "1"]

{[%mdl 2]} 1. d4 d5 2. c4 c6 3. Nf3 Nf6 4. Nc3 dxc4 5. g3 g6 {Probably the
most correct answer.} 6. Bg2 Bg7 7. O-O O-O 8. a4 Na6 $5 (8... a5 {would also
be interesting.} 9. e4) 9. a5 Bg4 (9... Be6 10. Ng5) 10. Ne5 Be6 11. e4 Nd7 12.
f4 (12. Nf3 Bg4 13. h3 Bxf3 14. Bxf3 e5 15. d5 Ndc5) 12... Nxe5 13. fxe5 (13.
dxe5 Qxd1 14. Rxd1 Nc5) 13... Qd7 (13... Qc8 $6 14. Be3 (14. Bg5 f6 15. exf6
exf6) 14... Rd8 15. Qf3) 14. Bf4 $6 (14. d5 Bg4 (14... cxd5 $5 15. exd5 Bf5)
15. e6 Bxd1 16. exd7 Bg4 17. dxc6 bxc6 18. Ra4 Bxd7) (14. Be3 $1 Bg4 (14... Bh3
$6 15. Bxh3 Qxh3 16. Qe2 c5 (16... Nb4 17. Ra4 c5 18. dxc5) 17. Nd5 Qd7 (17...
cxd4 18. Nxe7+ Kh8 19. Bxd4 Rae8 20. Nd5 $16) 18. dxc5 Bxe5 19. Rad1 Qe6 20.
Qxc4 $16) 15. Qa4 c5 16. dxc5 Rac8 (16... Qxa4 17. Rxa4 Rfc8 18. Rxc4 b5 $2 19.
axb6 axb6 20. Nd5) 17. Qxc4 (17. Qxd7 $6 Bxd7 18. Nd5 Rfe8) 17... Bxe5 $142 $1
{with the idea of 18...Nc5!} (17... Nxc5 18. Bxc5 b6 19. axb6 axb6 20. Na4 $1
b5 $1 (20... bxc5 $2 21. Nb6) 21. Nb6 Qc7 22. Qxb5 Qxc5+ 23. Qxc5 Rxc5 24. Nd5
Bxe5 (24... Re8 $2 25. b4) 25. Nxe7+ Kg7 $11)) 14... Bg4 $1 15. Qd2 Rad8 16. d5
Nc5 $1 17. Qe3 (17. e6 $2 Nxe6) 17... Nd3 $17 18. h3 (18. e6 fxe6) 18... Bxh3
$1 (18... cxd5 19. exd5 Bf5 $15) 19. e6 Bxe6 20. dxe6 Qxe6 21. Qe2 (21. Kh2
Nxf4 (21... Nxb2 $5 22. Bh3 f5) 22. gxf4 Rd3 {can transpose to the game.})
21... b5 $5 (21... Nxf4 22. gxf4 Rd3 {is as well good.}) 22. axb6 axb6 23. Kh2
(23. Bc7 $2 Rd7 $1 24. Bxb6 Rb7 25. Qe3 Qd6 $1 26. Kh2 c5 (26... g5 27. Na4)
27. Ba5 Rxb2 $19) 23... Nxf4 $1 {It is not easy to exchange such a good knight
but it works.} 24. gxf4 Rd3 25. Ra6 $2 (25. e5 Rfd8 (25... g5 $5 26. fxg5 Bxe5+
27. Kh1 Rh3+ 28. Bxh3 Qxh3+ 29. Kg1 Bd4+ 30. Rf2 h6 $5) 26. Ne4 h6 $19) 25...
g5 $3 {Opening the lines.} 26. Qh5 $8 (26. Rf3 Rfd8 $142 $19 (26... Qh6+ 27.
Rh3 (27. Kg1 Bd4+ 28. Kf1 Qh2 29. Ke1 Rd8 30. fxg5 Bxc3+ $19) 27... Rxh3+ 28.
Bxh3 gxf4 29. Rxb6 Rd8 30. Nd5 Qh4 $19)) 26... gxf4 27. Rxb6 Bd4 28. Ra6 Qg6 $1
29. Qxg6+ (29. Bf3 Rb8 (29... Qg3+ 30. Kh1) 30. Ne2 Rxb2) 29... hxg6 30. Rxc6 (
30. Ne2 Be5 31. Bf3 Rb8 $19) 30... Rb8 $1 (30... Kg7 31. Bf3 Rh8+ 32. Kg2 Rd2+
33. Ne2 {and white defends on.}) 31. Nd1 (31. Rxc4 Rxb2 32. Nd5 Rdd2 (32... e5
$5) 33. Rxd4 (33. Nxf4 Be5) 33... Rxg2+ 34. Kh3 Rg3+ 35. Kh4 Rh2#) 31... Kg7 $1
(31... Kg7 $1 32. Bf3 (32. Nf2 Rd2 33. Nh3 Rbxb2 $19) 32... Rd2+ (32... Rh8+
33. Kg2 Rd2+ 34. Nf2 Rb8 $19) 33. Kh3 Rh8+ 34. Kg4 e5 $1 $19 (34... Rdh2 35.
Kxf4 R8h4+ (35... e5+ 36. Kg4) 36. Bg4 Rg2 37. Ne3 Bxe3+ 38. Kxe3 Rhxg4 39.
Rxc4 Rxb2 40. Rc7 Rb3+ 41. Kd4 Rb4+ $19)) 0-1

[Event "Vojvodina-ch 7th"]
[Site "Novi Sad"]
[Date "2016.07.21"]
[Round "9"]
[White "Atalik, Suat"]
[Black "Dobrov, Vladimir"]
[Result "1/2-1/2"]
[WhiteElo "2564"]
[BlackElo "2505"]
[Annotator "Atalik,S"]
[PlyCount "98"]
[EventDate "2016.07.15"]
[EventType "swiss"]
[EventRounds "9"]
[EventCountry "YUG"]
[SourceTitle "CBM 174"]
[Source "ChessBase"]
[SourceDate "2016.09.13"]
[SourceVersion "1"]
[SourceVersionDate "2016.09.13"]
[SourceQuality "1"]

1. d4 Nf6 2. Nf3 g6 3. c4 Bg7 4. g3 O-O 5. Bg2 c6 6. O-O d5 7. b3 $5 dxc4 {
The sharpest approach.} 8. bxc4 c5 9. Bb2 Qb6 10. Qb3 Nfd7 $6 {People are more
for this move} ({but} 10... Ne4 $1 11. e3 Nc6 12. Ne5 Nd6 13. Nxc6 bxc6 14.
dxc5 Qxc5 15. Bxg7 Kxg7 16. Nd2 Be6 17. Rfc1 Rab8 18. Qc3+ Kg8 19. Nb3 Qxc4 20.
Qxc4 Bxc4 21. Na5 Bd5 22. Nxc6 Bxc6 23. Rxc6 Rfc8 $11) 11. e3 $5 (11. Nc3 Nc6 (
11... cxd4 $2 12. Nd5 Qd8 13. Bxd4 $16) 12. e3 {is a transposition into the
game.}) 11... Nc6 12. Nc3 Na5 $6 ({The regular idea is} 12... cxd4 13. exd4 (
13. Nxd4 $5 Na5 14. Qc2) 13... Nxd4 (13... Qxb3 14. axb3 Nxd4 15. Nxd4 Bxd4 16.
Rfd1 Bf6 17. Ra2 $44 (17. Nd5 $5 Bxb2 18. Nxe7+ Kg7 19. Rab1)) 14. Nxd4 Qxd4 (
14... Bxd4 $2 15. Nd5) 15. Rad1 Qf6 16. Rfe1 $44) 13. Nd5 $6 ({I have never
looked at} 13. Qc2 $142 $1) 13... Qd8 ({Black could have started the exchanges
} 13... Nxb3 $1 14. Nxb6 Nxa1 $1 (14... Nxd4 $6 15. Nxa8 Ne2+ 16. Kh1 Bxb2 17.
Rab1 Bf6 18. Nd2 Nc3 19. Rb3) 15. Nxa8 Nc2 {I saw in the game that Black's
knight does not fall on c2.} 16. Nc7 $1 $36 (16. a3 $2 cxd4 17. exd4 Nc5 18.
Rc1 Bf5 $1 $17 (18... Na4 19. Rxc2 Bf5 $17))) 14. Qc2 (14. Qa4 e6 15. Bc3 b6)
14... e6 15. Nf4 Re8 $6 (15... cxd4 16. exd4 (16. Nxd4 e5 17. Nde6 fxe6 18.
Nxe6 Qe7 19. Bd5 Kh8 20. f4 $44) 16... Nb6 17. c5 Nd5 18. Nxd5 exd5 $14) (15...
b6 $1 $132) 16. Rfd1 Qb6 17. Nd3 (17. Bc3 $142 Nxc4 $2 (17... cxd4 18. Bxd4
Bxd4 19. Nxd4 $16) 18. dxc5 Qxc5 19. Bxg7 Kxg7 20. Nd3 Qc7 21. Nd2 $18) (17.
Rab1 $5) 17... Qc7 18. Rac1 Rb8 $16 {White is clearly better but I had to come
up with the most efficient way amidst many seemingly good ones.} (18... cxd4
19. Nxd4 $16) 19. dxc5 (19. d5 Bxb2 20. Qxb2 e5 21. e4 b6 $14) (19. Ng5 $5) (
19. Nxc5 Nxc5 20. dxc5 Qxc5 21. Nd2 b6 22. Ne4 Qe7 23. c5 $40) 19... Nxc5 (
19... e5 20. Ng5) 20. Nxc5 Qxc5 21. Bd4 $6 {All of a sudden I have become more
materialistic than ever and started to aim for a7!} (21. Nd2 $16) (21. Bxg7 $1
Kxg7 22. Qc3+ (22. Qb2+ $6 e5 23. Qb5 Qxb5 24. cxb5 Bf5 25. Rc7 Rbc8 $11) 22...
f6 23. Nd2 e5 (23... b6 24. Ne4 Qe7 25. c5 $18) 24. Ne4 Qc7 25. Nd6 Rf8 26. Nb5
Qb6 27. Rb1 $16 Nc6 28. c5 Qa6 29. Nd6 (29. Nc7 Qa4) 29... Be6 30. Rb2 $16) (
21. Qa4 $2 Bd7 $1 22. Rxd7 Bxb2 23. Rb1 Qa3 $14 (23... Nxc4 $2 24. Rxb2 Nxb2
25. Qh4 $40)) 21... Qc7 $1 (21... Bxd4 $2 22. exd4 Qc7 23. Ne5 $16) 22. Qb2 (
22. Bxa7 Ra8 23. Bd4 e5 24. Ba1 Bf5 $44) 22... Bxd4 (22... e5 23. Bxa7 Ra8 24.
Bb6 $16 (24. Qb6)) 23. exd4 $2 {It is not like I had overlooked the simple
tactics but somehow went for it.} (23. Qxd4 Nc6 24. Qh4 Kg7 25. Ng5 h6 26. Ne4
$16) 23... Nxc4 $1 24. Qb5 (24. Qc3 b5 25. Ne5 Bb7 (25... Ba6 $6 26. a4) 26.
Ng4 Kg7 27. d5+ e5 28. d6 Qd7 29. Nxe5 Nxe5 30. f4 Bxg2 31. fxe5 Qb7 32. e6+
$13) 24... Nd6 25. Qc5 (25. Rxc7 $2 Nxb5) 25... Qe7 $5 (25... Qxc5 26. dxc5 Nf5
27. Rb1 $44 (27. Ne5 f6)) 26. Qxa7 Bd7 {Strange things started to happen from
now on} 27. Qb6 {Draw offer.} (27. Ne5 $142 $1 Ra8 28. Qb6 Ba4 (28... Rxa2 $2
29. Rc7 Rd8 30. d5 $18) 29. Re1 Qd8 $132) 27... Rec8 $6 (27... Ba4 $1 28. Re1
Qd8 $15) (27... Bc6 28. Ne5 Bxg2 29. Kxg2 $36) 28. Ne5 Ba4 29. Re1 Be8 30. Qb4
$5 (30. Rc5 Qd8) (30. Rb1 $142 $5 $40) 30... Rxc1 (30... Nf5 31. Qxe7 Nxe7 32.
Rxc8 Rxc8 33. Bxb7 Rc2 34. Ra1 Ba4 $44) 31. Rxc1 Rd8 32. Qb6 $2 {I had to be
consistent with my original plan:} (32. a4 Nf5 33. Qxe7 Nxe7 34. a5 Ra8 35. Rc5
$16) 32... Nb5 (32... Nf5 $145) 33. Qxb7 Qa3 $2 {There was no need to be
afraid of the a-pawn yet.} (33... Qxb7 34. Bxb7 Nxd4 $11) 34. Rc8 Nd6 35. Rxd8
$2 ({In mutual time trouble we both missed} 35. Qa8 $1 Qxa8 36. Rxa8 Rxa8 37.
Bxa8 Nb5 38. Bc6 $16) 35... Qc1+ $1 (35... Nxb7 $2 36. Rxe8+ Kg7 37. Bxb7 $18)
36. Bf1 Nxb7 37. Rxe8+ Kg7 38. Re7 Nd6 39. Rd7 (39. a4 $5) 39... Qa3 (39... Ne4
40. Rxf7+ Kg8 41. Kg2 Qb2 42. Rf4 Qxd4 43. Nc6 $11) 40. Be2 {While we were
extremely short of time I was very positive about my chances.} (40. Nc4 $5 Nxc4
41. Bxc4 Qc3 42. Bf1 Qa5 43. Bc4 $11) 40... Qb4 41. Kg2 Kg8 42. Bf3 (42. a4 Nf5
) (42. Rd8+ Kg7 43. Rd7 $11) 42... Nf5 $1 {All of a sudden I was rightfully
concerned about my back rank.} 43. Be4 {Trying to get rid of the agile knight.}
(43. Nxf7 Qd2 {was not as critical as I had estimated.} 44. Kg1 (44. a4 Ne3+
45. Kh3 Qxf2 46. Nh6+ Kh8 (46... Kf8 $4 47. Rf7+ Ke8 48. Bc6+ $18) 47. Nf7+ Kg7
48. Ng5+ Kh6 49. Nf7+ $11) 44... Nxd4 45. Kg2 $1 $11) 43... Nd6 (43... f6 $2
44. Ng4) 44. Bf3 Qa3 45. d5 $1 {Actually the quality of the game increased at
end pf the time trouble.} exd5 46. Nxf7 $1 Ne4 $1 (46... Nxf7 $2 47. Bxd5 Qc5
48. Bxf7+ Kf8 49. Bb3 Qc6+ 50. Rd5 $16) 47. Nh6+ Kf8 48. Rxd5 (48. Rf7+ $5 Ke8
49. Rxh7 (49. Bxe4 $2 dxe4 50. Rf4 Qa8 $1 51. Kg1 e3 52. fxe3 Qxa2 53. Ng4 $11)
) 48... Nf6 49. Rd4 (49. Rd8+ Kg7 (49... Ke7 $2 50. Ra8 Qb4 51. Ng8+ $16) 50.
Ng4 (50. Ra8 $2 Qb4 $19) 50... Nxg4 51. Bxg4 Qxa2 $11) 49... Qxa2 {We made a
draw on Volodya's offer and all my last round games during the Serbian tour
ended up peacefully.} (49... Qxa2 50. Ng4 Nxg4 51. Rxg4 Kg7 $11) 1/2-1/2

[Event "Boskovic Memorial"]
[Site "Bijelo Polje"]
[Date "2005.10.03"]
[Round "2"]
[White "Blagojevic, Dragisa"]
[Black "Rabrenovic, Milinko"]
[Result "1-0"]
[WhiteElo "2541"]
[BlackElo "2302"]
[Annotator "Atlas,V"]
[PlyCount "67"]
[EventDate "2005.10.02"]
[EventType "tourn"]
[EventRounds "9"]
[EventCountry "YUG"]
[EventCategory "10"]
[SourceTitle "CBM 110"]
[Source "ChessBase"]
[SourceDate "2006.01.31"]
[SourceVersion "1"]
[SourceVersionDate "2006.01.31"]
[SourceQuality "1"]

1. d4 Nf6 2. c4 g6 3. g3 c6 4. Nf3 Bg7 5. Bg2 d5 6. Qb3 dxc4 7. Qxc4 O-O 8. O-O
Na6 9. Nc3 Be6 10. Qa4 Nd5 11. Rd1 Nb6 12. Qc2 Nb4 13. Qb1 Bf5 14. e4 Bg4 15.
Ne2 f5 16. Bd2 fxe4 17. Qxe4 Bf5 18. Qh4 N4d5 19. Bh6 Bxh6 20. Qxh6 Rf7 21. Ng5
Rg7 22. Nc3 Nf6 23. Bh3 Qd7 24. Re1 Ng4 $2 ({A dubious decision. Correct was} 
24... Bxh3 25. Qxh3 (25. Nxh3 Qxd4) 25... Qxh3 26. Nxh3 g5 {, maintaining the
balance.}) 25. Bxg4 Bxg4 26. Re4 Nc4 27. Rae1 {Setting a neat trap.} {The
final mistake.} Nd6 $2 ({Correct was} 27... Re8) ({or} 27... Bf5 {, and} 28.
Rh4 {is met by} Nd6 {. Now} 29. Nxh7 {loses to} Nf7) {[%tqu "En","What's the
best way to parry two Black's threats: 28...Ne4 and 28...Nf5?","The best
defense is offence! Exploit the weakness of Black's seventh rank.","Sacrifice
your queen!","h6g7","The last nail in Black's coffin!",4]} 28. Qxg7+ $1 {
[%csl Rd7,Re7][%cal Ge1e7] This nice sacrifice eliminates Black's key defender
and spells a quick end for Black.} Kxg7 29. Rxe7+ Qxe7 30. Rxe7+ Kf6 31. Re5 {
Threatening 32.Nce4+} Nf5 32. Nce4+ Kg7 33. h3 Bd1 34. g4 (34. g4 {, and Black
resigned in view of} Nh6 (34... Nxd4 35. Re7+ Kf8 36. Rf7+ Ke8 37. Nf6+ Kd8 38.
Rd7+ Kc8 39. Rxd4) 35. Re7+ Kf8 36. Rxb7 {, and mate is inevitable.}) 1-0

[Event "Cutro 05th"]
[Site "Cutro"]
[Date "1999.04.23"]
[Round "1"]
[White "Efimov, Igor"]
[Black "Romanishin, Oleg M"]
[Result "1/2-1/2"]
[WhiteElo "2494"]
[BlackElo "2572"]
[Annotator "Avrukh,B"]
[PlyCount "70"]
[EventDate "1999.04.??"]
[EventType "tourn"]
[EventRounds "11"]
[EventCountry "ITA"]
[EventCategory "10"]
[SourceTitle "CBM 071"]
[Source "ChessBase"]
[SourceDate "1999.08.01"]
[SourceVersion "1"]
[SourceVersionDate "1999.08.01"]
[SourceQuality "1"]

1. d4 {Finkel,A} Nf6 2. Nf3 g6 3. g3 Bg7 4. Bg2 O-O 5. O-O d5 6. Nbd2 a5 7. Ne5
(7. a4 c6 (7... Na6 8. Nb3 (8. Ne5 c5 9. e3 Bf5 $6 10. g4 Be6 11. f4 cxd4 12.
exd4 Qb6 13. c3 $14 {Averbakh,Y-Zamora,J/Enhance MCC 1992}) 8... b6 9. c3 Bb7
10. Bf4 c5 11. Ne5 e6 12. Qc1 Rc8 13. Bh6 cxd4 14. Nxd4 Nd7 $132 {Polugaevsky,
L-Kasparov,G/Paris Immopar rapid 1992}) 8. Ne5 Ng4 9. Ndf3 Nxe5 10. Nxe5 Nd7
$11 {Velvart,P-Veroci,Z/HUN-chW 1993}) (7. Re1 Nc6 $5 8. c3 Bf5 9. Nh4 Be6 10.
e4 dxe4 11. Nxe4 Nxe4 12. Bxe4 Bd5 13. Bd3 e5 $13 {Norwood,D-Adams,M/
Academics-Philistines m 1997}) 7... c5 (7... Ng4 $5 8. Nxg4 Bxg4 9. h3 Be6 10.
c3 c6 11. a4 Nd7 12. e4 dxe4 13. Nxe4 {1/2-1/2 Kovacs Pinter,M-Veroci,Z/
HUN-chW 1993}) 8. c3 cxd4 9. cxd4 Qb6 10. Ndf3 Nc6 (10... Bf5 11. b3 Be4 12.
Ba3 Re8 13. Bc5 Qc7 14. Rc1 Nc6 15. Nxc6 bxc6 16. e3 $14) 11. b3 Ne4 12. Nxc6 (
12. Bb2 a4 $5 {[%cal Gb6b2]}) 12... bxc6 13. Ba3 a4 14. e3 (14. Bxe7 $2 Re8 {
[%csl Re2]} 15. Bc5 $8 (15. Ba3 Nc3 16. Qd2 Nxe2+ 17. Kh1 Nxd4 $19) 15... Nxc5
16. dxc5 Qa6 $1 17. Rc1 Rxe2 (17... Qxe2 $6 18. Re1 Qxd1 19. Rcxd1 Be6 20. Nd4
$11) 18. Rc2 Rxc2 19. Qxc2 Bf5 $17) 14... Re8 15. Ne5 Bf5 (15... Ba6 16. Re1
axb3 17. axb3 (17. Qxb3 $2 Qxb3 18. axb3 Bxe5 19. dxe5 Nd2 $1 20. b4 Nc4 $17)
17... Bxe5 $6 18. dxe5 Nc5 19. Qd4 Nd7 20. Rec1 $14) 16. f3 Nc3 17. Qd2 Bxe5
18. Qxc3 (18. Bc5 $1 Qb5 19. Qxc3 Bg7 20. e4 Be6 21. b4 $14) (18. dxe5 $2 axb3
$1 {[%csl Ra3]} 19. Qxc3 Rxa3 20. axb3 Rxb3 $17) 18... Bd6 19. Bc5 (19. Bxd6
exd6 20. b4 a3 $1 21. Rfc1 Rec8 22. g4 Be6 23. Rab1 $13) 19... Bxc5 20. dxc5
Qb5 21. b4 a3 $1 22. g4 $2 (22. e4 $5 Be6 (22... dxe4 23. fxe4 Be6 24. Rfd1 $14
{[%cal Gd1d4,Gc3d2,Ga1d1]}) 23. Rfd1 Red8 24. e5 $14) 22... Bd3 23. Rfd1 Be2
24. Bf1 $6 (24. Rd2 $5) 24... Bxf1 25. Rxf1 e5 $5 (25... Ra4 $1 26. Rab1 Rb8
27. Rb3 Qc4 $1 (27... Rxb4 $4 28. Rfb1 $1 Rxb3 29. Rxb3 $18 {[%csl Rb8]}) (
27... Qe2 $6 28. g5 $1 (28. Rf2 Qc4 $1 $17) 28... Qxa2 $2 (28... Qc4) 29. Rf2
$1 $18) 28. Rc1 (28. Qxc4 dxc4 29. Rc3 Rbxb4 30. Rf2 Rb2 $17 {[%cal Gf7f6,
Gg8d5]}) (28. Qe5 $6 Rb7 29. Rc3 (29. Rfb1 Rbxb4 30. Rxb4 Rxb4 31. Rxb4 Qxb4
32. Qxe7 Qb1+ 33. Kf2 Qxa2+ 34. Kg3 Qb2 $19) 29... Qxa2 30. Rf2 Qb1+ 31. Rf1 a2
$1 $19) 28... Rbxb4 29. Rxa3 Qe2 $1 $17) 26. Rab1 e4 27. fxe4 $5 Rxe4 28. h3
Qe2 (28... Qb7 $6) 29. Rbe1 Qb2 $2 (29... Qxa2 30. Qf6 Rf8 31. Qxc6 Rxb4 $17)
30. Qf6 $1 $11 {[%mdl 4096]} Qxf6 (30... Rf8 31. Qxc6 Qxa2 32. Rf2 Qb3 33. b5
Rxe3 34. Rxe3 Qxe3 35. Qxd5 $132) 31. Rxf6 Rxb4 (31... Rc8 32. Rf4 Rce8 33. Kf2
$11) 32. Ref1 Rf8 $6 (32... Rb2 $1 33. R1f2 (33. Rxc6 $2 Rxa2 34. Rc7 f5 $1 $19
) (33. Rxf7 $2 Rxa2 34. Rc7 Rf8 $1 35. Rxf8+ Kxf8 36. Rxc6 Rb2 $19) 33... Rxf2
34. Kxf2 Rb8 $5 (34... Rc8 35. g5 Kf8 36. Kf3 Ke7 37. Kf4 $15) 35. Rxc6 Rb2+
36. Kf3 Rxa2 37. Ra6 $15) 33. Rxc6 Rb2 34. Rf2 Re8 35. Rxb2 axb2 $14 1/2-1/2